| 000 | 00533nam a22001817a 4500 | ||
|---|---|---|---|
| 005 | 20240110070634.0 | ||
| 008 | 240110b |||||||| |||| 00| 0 eng d | ||
| 020 | _a9780409045451 | ||
| 041 | _aEnglish | ||
| 082 | _a347.17 AML | ||
| 100 |
_aHarms, LTC _lEnglish |
||
| 245 |
_aAmler's Precedents of Pleadings / _cLTC Harm |
||
| 250 | _aSeventh Edition | ||
| 260 |
_aDurban : _bLexisNexis, _c2009 |
||
| 300 |
_bxv, 484 pages ; _c25,5 cm. |
||
| 650 |
_aLegal practice _bLaw |
||
| 942 |
_cBK _6ALISON_BN_VRIES |
||
| 999 |
_c1207 _d1207 |
||